000 00607nam a2200229Ia 4500
005 20250108124956.0
008 008 250107s9999 xx 000 0 eng d
020 _a81-88858-87-0
037 _aTB
040 _aCRL
_beng
_cCRL
041 _aurd
_2eng
084 _aO152,3N61x R3
084 _qCRL
100 _aAlvi Tanveer Ahmad Au.
245 0 _aNishanat-e-noor
_cAlvi Tanveer Ahmad Au.
260 _aDelhi, India
_bMaktaba Jamia Limited
_c2874
300 _a230p.
365 _aINR
_b350
650 _aURDU POETRY
942 _cTB
_hO152,3N61x R3
999 _c1235262
_d1235262